| 000 | 00705nam a2200241Ia 4500 | ||
|---|---|---|---|
| 003 | OSt | ||
| 005 | 20220924130527.0 | ||
| 006 | a|||||r|||| 00| 0 | ||
| 007 | ta | ||
| 008 | 220923b |||||||| |||| 00| 0 ara d | ||
| 024 | _a342265 | ||
| 037 | _cTextual | ||
| 040 |
_aARTS _cARTS _bara |
||
| 041 |
_2ara _aara |
||
| 082 | _aQ7v.D, 28K2.1-. | ||
| 100 |
_aMaqdisi Motahhar ibn Tahir Au. _9200218 |
||
| 245 | 0 | _aKitab al-badi wa al-tarikh | |
| 260 |
_aTehran _bWayutlabo mar maktaba Iran _c1962 |
||
| 490 | _vVol.4 | ||
| 700 |
_a Huart Cl. Au. _9200219 |
||
| 942 |
_hQ7v.D, 28K2.1-. _cTEXL _2CC |
||
| 999 |
_c424861 _d424861 |
||